Qué edad tiene la tierra?

Zapisane w:
Opis bibliograficzny
1. autor: Hurley, Patrick M (Autor)
Format: Książka
Język:hiszpański
Wydane: Buenos Aires EUDEBA 1964
Wydanie:2a. ed
Seria:Ciencia Joven, 2
Hasła przedmiotowe:
Etykiety: Dodaj etykietę
Nie ma etykietki, Dołącz pierwszą etykiete!

MARC

LEADER 00000nam a2200000 a 4500
001 UCP4289
003 CL-VaPUC
008 990724e19640900AG |||||||||||||||||spa|d
082 0 4 |a 550  |b HUR  |2 21 
100 |a Hurley, Patrick M  |e author  |9 431740 
245 1 0 |a Qué edad tiene la tierra? 
250 |a 2a. ed 
300 |a 158 p 
942 |c BK 
945 |d 19990724 00:00:00  |a lriquelm 
260 |a Buenos Aires  |b EUDEBA  |c 1964 
600 0 7 |a TIERRA  |2 CL-VaPUC  |9 369814 
650 7 |a EDAD  |2 CL-VaPUC  |9 310216 
650 0 |a Tiempo   |9 267892 
650 0 |a Geología   |9 260984 
650 7 |a PLANETAS  |2 CL-VaPUC  |9 352277 
650 0 |a Geofísica  |9 261453 
583 |a last modification  |c 19990724 00:00:00  |k Rodrigo Vera 
490 0 |a Ciencia Joven, 2 
999 |c 282292  |d 282290 
952 |0 0  |1 0  |4 0  |6 550_000000000000000_HUR_1964  |7 0  |8 A  |9 323924  |a BIBHIS  |b BIBHIS  |d 2019-11-20  |i 1366327  |o 550 HUR 1964  |p 1366327  |r 2025-01-20  |w 2019-11-20  |y BK  |k HIS